Advocacy and Taxation in Canada

Detalles Bibliográficos
Autor principal: Chodikoff, David W.
Otros Autores: Horvath, James L.
Formato: eBook
Lenguaje:inglés
Publicado: Toronto: Irwin Law Inc., 2004
Materias:
Acceso en línea:Acceso restringido

MARC

LEADER 00000nam a22000007a 4500
005 20210831123620.0
007 cr|||| ||||
008 210831s2004 ca |||||s|||| 00||0 eng d
020 |a 9781459313460 
035 |a 35277 
040 |a vLex 
090 |c 12167  |d 12167 
100 1 |a Chodikoff, David W. 
245 1 0 |a Advocacy and Taxation in Canada  |h [Recurso electrn̤ico] /  |c David W. Chodikoff, James L. Horvath 
256 |a Servicio en ln̕ea 
260 |a Toronto:  |b Irwin Law Inc.,  |c 2004 
300 |a 1 recurso electrn̤ico 
506 1 |a Disponible solo en los productos indicados  |d vLex Global  |d vLex Global (Academic Edition, excluding Law Schools)  |d vLex Global (U.S. Academic Edition, Law Schools)  |d vLex Global (U.S. Academic Edition, excluding Law Schools)  |d vLex Global (Academic Edition, Law Schools) 
650 0 4 |a Derecho Fiscal  |z Canad̀ 
700 1 |a Horvath, James L. 
740 0 |a vLex Libros (Servicio en ln̕ea) 
856 4 0 |u https://app.vlex.com/#/sources/35277  |z Acceso restringido 
942 |c BOOK 
999 0 |a Tax Law